00886nam a2200205 a 450000100100000000500170001000800410002704000250006808200210009324501250011426000690023930000210030850000730032965000440040265000320044670000510047804900090052995201250053899900170066300002322020200930022052.0101130s2001 pn r 000 p spa d aDO-SdBNPbspacBNPHU aP861.4408bP745p00aPoesía panameña contemporánea :bantología 41 autores /ccompilación y prólogo Luis Carlos Jiménez Varela. aPanamá :bcírculo Cultura y Literario León A. Soto,c2001. a154 p. ;c21 cm. aIncluye referencia biográfica del compilador en la contra portada. 4aPoesía panameñaxColecciones947806 4aLiteratura panameña942611 aJiménez Varela, Luis Carlos,epról.947807 aBNGR 001054708MOaGRbGRcCTd2010-11-30iLF1l0oP861.4408 P745pp23220-10r2020-06-25w2020-06-25y4ZPréstamo en sala c22717d22717